Compléter les paroles de "Reste" de Jenifer - Statistiques

Statistiques générales
  • Ce quiz a été pris 21 fois
  • Le résultat moyen est 19 sur 21
Statistiques - réponses
Hint Réponse % Correct
Toi qui n'me touche... pas
100%
Quand vos deux cœurs se... touchent
100%
Reste un peu puisque tu m'... abandonnes
93%
Elle t'a tant attendu qu'elle t'... attendra
93%
L'empreinte de sa... bouche
93%
Le souvenir de ses... bras
93%
Quand tu as encore sur le... corps
93%
Reste au moins le temps que je m'... endorme
93%
Je me fustige et je m'habille mais tu t'en... fous
93%
Aime-moi une dernière fois si t'es un... homme
93%
Si c'est au milieu de cette... nuit
93%
Il y a encore son... odeur
93%
Que tu comptes... partir
93%
Non, je n'vais pas rester.. polie
93%
Mes larmes sont de... sortie
93%
Tout est... flou
86%
D'ivresse et de... folie
86%
Ne m'parle pas de pudeur quand sur ton... pull
86%
Encore moins te.... sourire
86%
Ne m'parle pas d'amour-propre, de... ridicule
79%
J'ai le vertige, je m'... affale
64%
Aucun quiz correspondant
Distribution des résultats
% des personnes avec chaque résultat
Percentile par nombre de réponses
Votre historique - résultats
Vous n’avez pas pris ce quiz